Responses for Show #5646 - Monday, March 9, 2009

Contestants

[<< previous game]

Barry Petchesky, a journalist from New York, New York

Dana Sause, a logistics manager originally from Wallingford, Connecticut

Inta Antler, a retired computer programmer from Scarborough, Ontario, Canada (whose 1-day cash winnings total $12,700)

[next game >>]

Jeopardy! Round responses

1961
50 YEARS OF BARBIE
MATERIAL
IT'S HARD OUT HERE FOR A SHRIMP
EDIBLE COMMON BONDS
COMPOUND WORDS
    $200 1
Washington, D.C.

Dana
    $200 16
Elvis & Priscilla

Dana
    $200 18
(Dana: What is tin?)

aluminum

DanaBarry
    $200 26
legs

Dana
    $200 7
pancakes

Inta
    $200 2
a tailgate party

Inta
    $400 12
the Peace Corps

Barry
    $400 17
Roberts

Inta
    $400 19
rubber

Triple Stumper
    $400 27
plankton

Dana
    $400 8
peas

Dana
    $400 3
a forklift

Dana
    $600 13
the Bay of Pigs

Barry
    $600 22
2000

Dana
    $600 20
cloth

Inta
    $600 28
(Inta: What is scampi?)

a prawn

IntaDana
    $600 9
veal

Inta
    $600 4
mouthwatering

Inta
    $800 14
Alan Shepard

Inta
    $800 23
Skipper

Barry
    $800 21
plaster

Dana
    $800 29
molting

Barry
    $800 10
ham

Inta
    $1,000 5
the backstretch

Inta
    $1000 15
(Inta: What is Run, Rabbit?)

Rabbit, Run

IntaDana
    $1000 24
Ruth Handler

Triple Stumper
    $1000 25
coral

Dana
    $1000 30
a carapace

Inta
    $1000 11
pasta

Triple Stumper
    $1000 6
(Inta: What's a downspout?)
(Barry: What is a funnel cloud?)
(Dana: What is a water funnel?)

a waterspout

IntaDanaBarry
Triple Stumper

Scores at the first commercial break (after clue 15):

Inta Dana Barry
$2,200 $1,000 $0

Scores at the end of the Jeopardy! Round:

Inta Dana Barry
$3,600 $4,600 $1,800

Double Jeopardy! Round responses

SOUTH OF THE EQUATOR
AMERICAN FEMALE FIGURE SKATERS
GET LIT
7-LETTER WORDS
HIRAM
FIRE 'EM
    $400 6
(Dana: What are the Indies?)

Polynesia

DanaBarry
    $400 26
Sasha

Barry
    $400 18
Joseph Heller

Dana
    $400 13
babysit

Dana
    $400 11
(Barry: What is a gun?)
(Alex: Be more specific.)
(Barry: [*]?)

a machine gun

Barry
    $400 1
a union

Dana
    $800 7
New Zealand

Inta
    $800 27
(Inta: Who is Nancy Kerrigan?)

(Michelle) Kwan

IntaDana
    $800 19
Ella

Dana
    $800 14
the abdomen

Dana
    $800 12
Hiram Walker

Inta
    $800 2
severance

Dana
    $1200 8
Madagascar

Barry
    $1200 28
Dorothy Hamill

Dana
    $1200 20
Kurt Vonnegut

Barry
    $1200 15
foliage

Barry
    $1200 23
(Inta: Who is Emily Dickinson?)

Elizabeth Barrett Browning

Inta
Triple Stumper
    $1200 3
insubordination

Barry
    $3,100 9
(Barry: I don't know.)

Patagonia

Barry
    $1600 29
Peggy Fleming

Dana
    $1600 21
Henry James

Inta
    $2,000 16
(Barry: I'm sorry.)

cabaret

Barry
    $1600 24
Hank

Triple Stumper
    $1600 4
termination

Barry
    $2000 10
Queen Maud Land

Triple Stumper
    $2000 30
Tara Lipinski

Barry
    $2000 22
A Lesson Before Dying

Triple Stumper
    $2000 17
the inverse property

Triple Stumper
    $2000 25
the Progressive Party

Inta
    $2000 5
cause

Inta

Scores at the end of the Double Jeopardy! Round:

Inta Dana Barry
$8,800 $11,400 $6,300

[wagering suggestions for these scores]

Final Jeopardy! Round responses

HISTORIC PEOPLE
BarryWho is Benedict Arnold?
$5,500
IntaWho was Benedict Arnold?
$3,700
DanaWho was Benedict Arnold?
$6,210
Benedict Arnold

Final scores:

Inta Dana Barry
$12,500 $17,610 $11,800
2nd place: $2,000 New champion: $17,610 3rd place: $1,000

Game dynamics:

Coryat scores:

Inta Dana Barry
$8,600 $11,400 $11,400
15 R
(including 1 DD),
5 W
20 R,
3 W
14 R,
3 W
(including 2 DDs)

Combined Coryat: $31,400

[game clues] [game scores] [suggest correction]

Game tape date: 2009-01-27
The J! Archive is created by fans, for fans. Scraping, republication, monetization, and malicious use prohibited; this site may use cookies and collect identifying information. See terms. The Jeopardy! game show and all elements thereof, including but not limited to copyright and trademark thereto, are the property of Jeopardy Productions, Inc. and are protected under law. This website is not affiliated with, sponsored by, or operated by Jeopardy Productions, Inc. Join the discussion at JBoard.tv.